01845nam a2200181 i 4500001000700000003000900007005001700016008004100033110004600074245008300120260007400203300002000277505119600297852002901493942000801522999001901530952011401549170434ES-MaACL20250806045157.0090305s19091912sp |||| | spa d2 aReal Academia de Medicina de Madrid9631810aDiscursos pronunciados en la Real Academia de Medicina de Madridb: 1909-1912. aMadrid : b[s.n.], c1909 (eMadrid : fImp. Hijos de J. A. García) a1 v. ; c27 cm.8 aContiene: Algunas consideraciones dentro del círculo de la Terapéutica y la Farmacología / José Grinda y Forner (50 p.). Discurso.../ Julián Calleja y Sánchez (p. 51-66). El médico en sociedad / Simón Hergueta y Martín (36 p.). Resumen de la historia y tareas desempeñadas por la Academia en el año de 1909 / Manuel Iglesias y Díaz (38 p.). La lucha contra la vejez / Amalio Gimeno Cabañas (160 p.). Discuros.../ Ángel Pulido Fernández (p. 161-191). Naturaleza de las miopatías primitivas progresivas / Francisco Criado y Aguilar (89 p.). Procedimientos para depurar y esterilizar las aguas destinadas a la alimentación de las grandes urbes / Eugenio Piñerúa Álvarez (41 p.). Discurso.../ Julián Calleja y Sánchez (p. 43-60). Morfología socialista / Federico Olóriz y Aguilera (46 p.). La vacuna anticolérica / César Chicote y Riego (47 p.). De la influencia del genio latino en el carácter actual de la Medicina, reflejado principalmente en el diagnóstico y en la terapéutica / Antonio Espina y Capo (120 p.). Resumen de la historia y las tareas desempeñadas por la Academia en el año de 1911 / Manuel Iglesias y Díaz (43 p.). aES-MaACL9177075 jK-111 2udc c170434d170434 00104070aATENEOMbATENEOMcADMd2009-03-05l0oK-111p1178901r2023-02-23 00:00:00w2023-02-23yMONOGRAFIA